Quiz o Górnym śląsku - Statystyki

Ogólne statystyki
  • Ten quiz został rozwiązany 16 razy
  • Średni wynik to 5 z 10
Statystyki odpowiedzi
Hint Odpowiedź % Poprawnych
W którym roku odbyło się 3 powstanie śląskie? 1921
77%
Jak nazywa się tradycyjna zupa śląska zrobiona w dużej części z wody? wodzionka
77%
Jak ma na imię powyższa patronka? Św. Barbara
69%
Jak nazywa się święto patronki górników? Barbórka
62%
Jak nazywa się najwyższy budynek w Katowicach? .KTW
46%
Z jakiego miasta pochodzi zespół Oberschleisen? Zabrze
46%
Jak nazywa się największa metropolia na Górnym Śląsku Górnośląsko-Zagłębiowska
38%
Jak nazywa się śląski krupniok z dodatkiem kaszy gryczanej? żymlok
38%
W jakim mieście znajduje się zabytkowa dzielnica familoków ''Kolonia Emma'' Radlin
23%
Jak nazywa się najwyższy szczyt woj. Śląskiego? Góra Pięciu Kopców
15%
Nie znaleziono quizów pasujących do podanych kryteriów
Rozkład punktacji
Procent ludzi z każdym wynikiem
Percentyl według liczby udzielonych odpowiedzi
Twoja historia wyników
Nie rozwiązałeś tego quizu